Músicas da Luísa Sonza com Mais Streams de A a Z - Statistics

Estatísticas Gerais
  • Esse quiz foi jogado 23 vezes
  • A pontuação média é 7 de 22
Estatísticas das Respostas
Letra Streams Música % Correto
M 189M MODO TURBO
73%
S 231M sentaDONA (Remix) s2
73%
B 179M BRABA
60%
F 109M Flores
60%
C 175M Combatchy
53%
A 137M ATENÇÃO
47%
# 29M 2000 s2
40%
I 62M INTERE$$EIRA
33%
O 53M Olhos Castanhos - Acoustic
33%
Y 3M You Don't Know Me
33%
D 75M Devagarinho
27%
E 13M Escândalo Íntimo
27%
G 66M Garupa
27%
P 202M Poesia Acústica 13
27%
T 89M TOMA
27%
V 66M VIP *-*
27%
L 33M Lança Menina
20%
N 196M Não Vai Embora
20%
H 136M Hotel Caro
13%
J 7M Joga pra Mim - Ao Vivo
13%
Q 30M Quebrar Seu Coração
7%
R 64M recadin no espelho
7%
Nenhum quiz correspondente encontrado
Distribuição das Pontuações
Porcentagem de Pessoas com Cada Pontuação
Percentil de Números Respondidos
Sua Pontuação Histórica
Você não jogou esse quiz